Statistics for Ethnicities of Iberia on a Map

Click here to take the quiz!

General Stats

  • This quiz has been taken 1,256 times
  • The average score is 11 of 16

Answers on the Map

Answers color-coded by a green-red scale on the quiz's map according to % correct below.
 

Answer Stats

Ethnicity% Correct
Catalans
98%
Portuguese
98%
Basques
93%
Galicians
89%
Castilians
86%
Andalusians
82%
Aragonese
78%
Valencians
77%
Leonese
65%
Asturians
62%
Extremadurans
58%
Murcians
57%
Cantabrians
38%
Mirandese
36%
Occitans
36%
Fala
11%

Score Distribution

Percentile by Number Answered

Percent of People with Each Score

Your Score History

You have not taken this quiz